000 00320nam a2200121 a 4500
001 000001770
005 20200929145708.0
008 090626s2007 000 spa d
020 _a9788484552420
245 3 _aEl español : activo cultural y valor económico creciente.
260 _aSevilla,
_c2007.
999 _c1647
_d1647
040 _aDO-SdBNP